Alien - RIN - Lyrics Songtext - Statistiken

Allgemein
  • Dieses Quiz wurde 100 mal gespielt
  • Das Durchschnittsergebnis liegt bei 236 aus 390
Antwortstatistiken
Antwort % Korrekt
Alien
100%
ein
99%
die
96%
wie
96%
'n
95%
Nacht
94%
Du
91%
du
91%
hat
91%
ihren
90%
Preis
90%
Augen
89%
weißt
85%
Deine
84%
Ruf
82%
110
80%
in
80%
Polizei
80%
weiß?
80%
den
74%
heute
74%
Heute
74%
Abend
73%
Medien
72%
siehst
72%
ich
70%
Ich
70%
Alle
67%
uns
67%
wir
65%
Kopf
62%
mei'm
62%
mein
62%
sind
62%
Alles
60%
alles
60%
mich
60%
ja
59%
Ist
56%
ist
56%
rennst
56%
nicht
55%
was
55%
Was
55%
lost
54%
vorbei
54%
noch
49%
das
48%
es
48%
hab
46%
oder
46%
gut
44%
will
44%
fühl'
43%
schlecht?
43%
aus
41%
bleiben
41%
am
40%
eins
40%
hab'n
39%
jemand
38%
Schuhe
38%
und
38%
hier
35%
im
35%
mei'm
35%
wird
35%
Ziel
35%
doch
34%
heim
34%
Leder
34%
endlich
33%
sich
33%
aber
30%
auf
30%
grün
30%
schalten
30%
Ampeln
29%
immer
29%
liebst
29%
übertreiben
29%
bin
28%
Kippen
28%
Sag
28%
sag
28%
allem
27%
Fehler
27%
Gegner
27%
gleich
27%
später
27%
iPhone
26%
komm'n
26%
Travis'
26%
Backup
23%
deiner
23%
Mama
23%
mehr
23%
Weg
23%
zitter'
23%
kann
22%
nichts
22%
hör'n
21%
zu
21%
Griff
20%
Kind
20%
Raus
20%
erwachsen
18%
brennt
17%
Feier
17%
Irgendwie
17%
so
17%
Lenker?
16%
geht
15%
Niemand
15%
seh'
15%
um
15%
findest
13%
gebrochen
13%
Henker?
13%
brauch'
12%
fall'
12%
schwimmt
12%
Trip
12%
Frieden
11%
helfen
11%
nimmt
11%
schnell
11%
Akku
10%
bitte
10%
dein'n
10%
Hallo?
10%
Margera
9%
wieder
9%
Suchst
7%
liebt
2%
Antigitft
0%
Keine übereinstimmenden Quizze gefunden
Verteilung der Resultate
Anzahl Personen mit jedem Resultat
Perzentil nach korrekt beantworteten Fragen
Ihre Resultats-Entwicklung
Sie haben dieses Quiz noch nicht gespielt